000 01293nam a2200217Ia 4500
999 _c52529
_d52529
001 19553
003 GE_BSU
005 20200304230427.0
008 181216s1982||||ge |||||||||||||| ||geo||
040 _cGE_BSU
041 _ageo
080 _a811.353.1-26 კ-49
100 _aკიკნაძე, ი.
_97687
245 _aეკ.გაბაშვილის თხზულებათა ენა და სტილი :
_bეკ. გაბაშვილის თხზულებათა ენობრივი დახასითება - ფონეტიკური თავისებურებანი - ლექსიკის ზოგიერთი თვისებურება - ეკ. გაბაშვილის თხზულებათა სტილის ზოგიერთი საკითხი - დასკვნა /
_cი. კიკნაძე ; რედ. ნ. ფავლენიშვილი.
264 _aთბილისი :
_bგანათლება,
_c1982.
300 _a103 გვ. ;
_c20 სმ.
541 _h30თ.
653 _aქართველ მწერალთა ენა
700 _aფავლენიშვილი, ნ.
_eრედაქტორი
_93115
942 _cBK
_2udc